Macroeconomic theory
Salvato in:
| Autore principale: | |
|---|---|
| Natura: | Libro |
| Lingua: | inglese |
| Pubblicazione: |
Vrinda Publications,
2010
|
| Tags: |
Aggiungi Tag
Nessun Tag, puoi essere il primo ad aggiungerne!!
|
MARC
| LEADER | 00000nam a22000007a 4500 | ||
|---|---|---|---|
| 008 | 201218b ||||| |||| 00| 0 eng d | ||
| 020 | |a ISBN: 978-81-8281-298-7 | ||
| 100 | |a JHINGAN, M. L | ||
| 245 | |a Macroeconomic theory |c M. L. Jhingan | ||
| 250 | |b 12th | ||
| 260 | |b Vrinda Publications, |c 2010 |h Mayur Vihar, Delhi |i 689704 |i .691227 |i 691228 |l HD82 .J55 |m Macroeconomics | ||
| 942 | |a lcc |c BK |e Oagoke,M A |f 18/12/2020 | ||
| 952 | |0 0 |1 0 |2 lcc |4 0 |6 HD0082 J55 |7 0 |9 959 |a HOL |b HOL |c GJ |d 2020-12-18 |l 0 |o HD82 .J55 |p 2020-230186 |r 2020-12-18 00:00:00 |w 2020-12-18 |y BK | ||
| 952 | |0 0 |1 0 |2 lcc |4 0 |6 HD0082 J55 |7 0 |9 960 |a HOL |b HOL |c GJ |d 2020-12-18 |l 0 |o HD82 .J55 |p 2020-230187 |r 2020-12-18 00:00:00 |w 2020-12-18 |y BK | ||
| 952 | |0 0 |1 0 |2 lcc |4 0 |6 HD0082 J55 |7 0 |9 962 |a HOL |b EDM |d 2020-12-18 |l 0 |o HD82 .J55 |p 2020-230188 |r 2020-12-18 00:00:00 |w 2020-12-18 |y BK | ||
| 999 | |c 493 |d 493 | ||